Profile: Aragorn Quiz Stats

 Plays Quiz Updated Jul 28, 2016

Challenge
Share
Tweet
Embed
Score 0/26 Timer 08:00
5 Plays Today
Hint Answer % Correct
RaceHuman
96.3%
His Ranger nameStrider
88.6%
WifeArwen Undómiel
81.3%
Was a member of this groupFellowship of the Ring
78.7%
FatherArathorn II
77.9%
After which he tried to rescue these charactersMerry and Pippin
76.8%
Realm ruledArnor/Gondor
74.1%
Where he fought at this fortressHelm's Deep
72.4%
By following them into this countryRohan
71.9%
And later became ruler of most of this continentMiddle-earth
70.2%
After which he marched hereBlack Gate
69.8%
Fostered inRivendell
67.6%
Fostered byElrond Half-elven
65.7%
Hint Answer % Correct
Led to this elvish realm from MoriaLothlórien
63.1%
He then fought in this battleBattle of the Pelennor Fields
59.2%
Another name for the Rangers of the NorthDunedain
51.6%
HouseHouse of Isildur
50.6%
Also known asElessar
49.3%
SwordAndúril
44.2%
Later title (from age 88)King of the Reunited Kingdom
34.1%
HorseRoheryn/Hasufel
32.2%
Place of birthEriador
26.2%
MotherGilraen
16.3%
Original title (from age 2)Chieftain of the Dúnedain
15.4%
SonEldarion
15.1%
Year of birthT.A. 2931
9.7%

You're not logged in!

Compare scores with friends on all Sporcle quizzes.
OR
Log In

You Might Also Like...

Show Comments

Extras

Top Quizzes Today


Score Distribution

Your Account Isn't Verified!

In order to create a playlist on Sporcle, you need to verify the email address you used during registration. Go to your Sporcle Settings to finish the process.

Report this User

Report this user for behavior that violates our Community Guidelines.

Details: